Costa Brava / (Record no. 132365)

MARC details
000 -LEADER
campo de control de longitud fija 00633nam a2200193 4500
001 - NÚMERO DE CONTROL
campo de control 132365
003 - IDENTIFICADOR DE NÚMERO DE CONTROL
campo de control ES-MaACL
005 - FECHA Y HORA DE LA ÚLTIMA TRANSACCIÓN
campo de control 20240531062944.0
007 - CAMPO FIJO DE DESCRIPCIÓN FÍSICA--INFORMACIÓN GENERAL
campo de control de longitud fija t|
008 - DATOS DE LONGITUD FIJA--INFORMACIÓN GENERAL
campo de control de longitud fija 070214s1958 sp r ||||1| eng d
100 1# - ENTRADA PRINCIPAL--NOMBRE DE PERSONA
Nombre de persona Romero Pérez, Luis,
Fechas asociadas al nombre 1916-2009
9 (RLIN) 99338
245 10 - MENCIÓN DEL TÍTULO
Título Costa Brava /
Mención de responsabilidad, etc. text: Luis Romero ; photography: F. Catalá Roca ; translation: Anthony Kerrigan.
260 ## - PUBLICACIÓN, DISTRIBUCIÓN, ETC.
Lugar de publicación, distribución, etc. Barcelona :
Nombre del editor, distribuidor, etc. Cid,
Fecha de publicación, distribución, etc. 1958.
300 ## - DESCRIPCIÓN FÍSICA
Extensión 211 p., 9 lám. :
Otras características físicas il. ;
Dimensiones 27 cm.
700 1# - ENTRADA AGREGADA--NOMBRE PERSONAL
Nombre de persona Català-Roca, Francesc.
9 (RLIN) 37014
700 1# - ENTRADA AGREGADA--NOMBRE PERSONAL
Nombre de persona Kerrigan, Anthony.
9 (RLIN) 67934
852 ## - LOCALIZACIÓN
Ubicación ES-MaACL
Número de control de estantería C-18359
Sublocalización o colección R.45254
Holdings
Estatus retirado Estado de pérdida Estado de daño No para préstamo Biblioteca de origen Biblioteca actual Ubicación en estantería Fecha de adquisición Fuente de adquisición Total de préstamos Signatura topográfica completa Código de barras Visto por última vez Precio de reemplazo Tipo de ítem Koha
        Biblioteca del Ateneo de Madrid Biblioteca del Ateneo de Madrid Galería 17/01/2008     C-18359 1137807 23/02/2023 23/02/2023 Libro impreso